LDR 00705naa#a2200169#i#450# 001 EN\\bibl\120415 005 20260430114820.4 011 ## _a2218-130X 100 ## _a20260410b2026####ek#y0engy0150####ca 102 ## _aRU 200 1# _aMANAGING THE INNOVATIVE DEVELOPMENT OF ORGANIZATIONAL SYSTEMS BASED ON DIGITAL MATURITY ASSESSMENT: A COMPARATIVE ANALYSIS OF MODERN CONCEPTUAL APPROACHES AND MODELS _eJournal article 210 1# _aSaint-Petersburg _cSaint-Petersburg University of State Fire Service of Emercom of Russia _d2026 215 ## _a20 с. 608 ## _aJournal article _2local 675 ## _aТеория управления экономикой. 338.24.01 _z 700 #1 _aMusienko _gTamara V. 856 4# _ajournals.igps.ru _u